00724 a2200181 45000010006000000050017000060080041000230030015000640400040000790800064001192450029001830200018002122640068002303000019002985050160003171000034004777000031005112693720260407155547.0260407a1976 arg spa dAR-UNSa-BCEJYS aAR-UNSa-BCEJYSbspacAR-UNSa-BCEJYS a711.13xPoblación: movimiento, distribución, densidades10aSociología y urbanismo a84-7088-183-3 1aMadrid :bInstituto de Estudios de Administración Localc1976 a353 p.c21 cm. a1. La caracterización de ambas disciplinas - 2. Fundamentos teóricos de una sociología como ciencia auxiliar del urbanismo - 3. Modelos pragmáticos1 aHernández Orozco, Joaquín1 aSchmidt-Relenberg, Norbert